| 000 | 01313nam a2200241Ia 4500 | ||
|---|---|---|---|
| 999 |
_c37796 _d37796 |
||
| 001 | 3773 | ||
| 003 | GE_BSU | ||
| 005 | 20190807145625.0 | ||
| 008 | 181216s1979||||ge |||||||||||||| ||geo|| | ||
| 040 | _cGE_BSU | ||
| 041 | _ageo | ||
| 080 | _a070(474.22) ქ–27 | ||
| 245 |
_aქართული ჟურნალისტიკის ნარკვევები. კრ. 1 / _c[რედ.: ალ. კალანდაძე, შ. რატიანი]; საქ. მეცნიერებათა აკადემია; შ. რუსთაველის სახ. ქართ. ლიტ-რის ისტორიის ინ-ტი. |
||
| 264 |
_aთბილისი : _bმეცნიერება, _c1979. |
||
| 300 |
_a86 გვ. ; _b21 სმ. |
||
| 520 | _aრეზ. რუს. | ||
| 653 | _aჟურნალისტიკა | ||
| 653 | _aქართული ჟურნალისტიკის ისტორია | ||
| 700 |
_aკალანდაძე, ალ. _eრედაქტორი _93442 |
||
| 700 |
_aრატიანი, შ. _eრედაქტორი _93443 |
||
| 710 |
_aშოთა რუსთაველის სახ. ქართული ლიტ-რის ისტორიის ინ-ტი. _93444 |
||
| 942 |
_cBK _2udc |
||